Pusan haeng /

부산행 /

While a zombie-virus breaks out in South Korea, a couple of passengers struggle to survive on the train from Seoul to Busan.

Bibliographic Details
Main Author: Yi, Tong-ha, 1942- (Author)
Other Authors: Yŏn, Sang-ho (Screenwriter), Pak, Chu-sŏk (Screenwriter), Kong, Yu, 1979- (Actor), Chŏng, Yu-mi, 1983- (Actor), Ma, Tong-sŏk, 1971- (Actor), Kim, Su-an, 2006- (Actor), Kim, Ŭi-sŏng, 1965- (Actor), Ch'oe, U-sik, 1990- (Actor), An, So-hŭi, 1992- (Actor), Yi, Hyŏng-dŏk (director of photography.), Chang, Yŏng-gyu, 1968- (composer (expression))
Format: Video DVD
Language:Korean
English
Language Notes:Korean or dubbed English language soundtracks; optional English subtitles.
Published: [Plano, Texas] : Well Go USA Entertainment, [2017]
Subjects:

MARC

Tag First Indicator Second Indicator Subfields
LEADER 00000cgm a2200000Ki 4500
001 in00003716921
005 20180318070456.0
007 vd cvaizk
008 161205s2017 txu118 vlkor d
035 |a (OCoLC)ocn965300536 
040 |a TEFMT  |b eng  |e rda  |c TEFMT  |d TEF  |d OCLCF  |d IUL  |d OCLCA  |d OCL  |d TXA 
024 1 |a 812491017470 
024 1 |a 812491018101 
028 4 2 |a WGU01747D  |b Well Go USA 
035 |a (OCoLC)965300536 
037 |b Midwest Tape  |n http://www.midwesttapes.com 
041 1 |a kor  |a eng  |j eng  |h kor 
043 |a a-ko--- 
046 |k 2016 
050 4 |a PN1997.2  |b .T73 2017 
082 0 4 |a 791.43/72  |2 23 
090 |a PN1995.9.Z63  |b P87 2017 
049 |a TXAM 
245 0 0 |6 880-01  |a Pusan haeng /  |c chegong, paegŭp, NEW, Next Entertainment World ; chejak, (chu) Yŏnghwasa Redŭ P'it'ŏ ; chejak, Yi Tong-ha ; kamdok, Yŏn Sang-ho ; kakpon, Pak Chu-sŏk ; kaksaek, Yŏn Sang-ho. 
246 1 |i Title on container:  |a Train to Busan 
246 1 |i Also known as:  |a Estación Zombie 
246 1 |i Also known as:  |a Invasión Zombie 
246 1 |i Also known as:  |a Invasão Zumbi 
257 |a Korea (South)  |2 naf 
264 1 |a [Plano, Texas] :  |b Well Go USA Entertainment,  |c [2017] 
264 2 |a [Plano, Texas] :  |b Well Go USA Entertainment 
300 |a 1 videodisc (118 min.) :  |b sound, color ;  |c 4 3/4 in. 
336 |a two-dimensional moving image  |b tdi  |2 rdacontent 
337 |a video  |b v  |2 rdamedia 
338 |a videodisc  |b vd  |2 rdacarrier 
344 |a digital  |b optical  |g surround  |g stereo  |2 rda 
346 |b NTSC  |2 rda 
347 |a video file  |b DVD video  |e region 1  |2 rda 
380 |a Motion picture. 
538 |a DVD, NTSC, region 1; Dolby Digital stereo or 5.1 surround sound. 
500 |a Wide screen. 
546 |a Korean or dubbed English language soundtracks; optional English subtitles. 
511 1 |6 880-02  |a Kong Yu, Chŏng Yu-mi, Ma Tong-sŏk, Kim Su-an, Kim Ŭi-sŏng, Ch'oe U-sik, An So-hŭi. 
508 |6 880-03  |a Director of photography, Yi Hyŏng-dŏk ; editor, Yang Chin-mo ; music, Chang Yŏng-gyu. 
500 |a Originally released as a motion picture in 2016. 
500 |a "Train to Busan DVD and Blu-ray release date was set for January 17, 2017"--DVDs ReleaseDates website. 
520 |a While a zombie-virus breaks out in South Korea, a couple of passengers struggle to survive on the train from Seoul to Busan. 
500 |a Special features include behind the scenes featurettes, That's a wrap; trailer. 
521 8 |a Rating: Not rated. 
650 0 |a Railroad travel  |z Korea (South)  |v Drama. 
650 0 |a Virus diseases  |v Drama. 
650 0 |a Zombies  |v Drama. 
650 7 |a Railroad travel.  |2 fast  |0 (OCoLC)fst01088689 
650 7 |a Virus diseases.  |2 fast  |0 (OCoLC)fst01167739 
650 7 |a Zombies.  |2 fast  |0 (OCoLC)fst01184595 
651 7 |a Korea (South)  |2 fast  |0 (OCoLC)fst01206791 
655 7 |a Fiction films.  |2 fast  |0 (OCoLC)fst01710264 
655 7 |a Zombie films.  |2 lcgft 
655 7 |a Horror films.  |2 lcgft 
655 7 |a Action and adventure films.  |2 lcgft 
655 7 |a Feature films.  |2 lcgft 
655 7 |a Fiction films.  |2 lcgft 
655 7 |a Foreign films.  |2 local 
655 7 |a Motion pictures, Korean.  |2 local 
655 7 |a Action and adventure films.  |2 fast  |0 (OCoLC)fst01710568 
655 7 |a Drama.  |2 fast  |0 (OCoLC)fst01423879 
655 7 |a Feature films.  |2 fast  |0 (OCoLC)fst01710384 
655 7 |a Horror films.  |2 fast  |0 (OCoLC)fst01710373 
655 7 |a Zombie films.  |2 fast  |0 (OCoLC)fst01710463 
700 1 |6 880-04  |a Yŏn, Sang-ho,  |e film director,  |e screenwriter. 
700 1 |6 880-05  |a Yi, Tong-ha,  |d 1942-  |e author. 
700 1 |6 880-06  |a Pak, Chu-sŏk,  |e screenwriter. 
700 1 |6 880-07  |a Kong, Yu,  |d 1979-  |e actor. 
700 1 |6 880-08  |a Chŏng, Yu-mi,  |d 1983-  |e actor. 
700 1 |6 880-09  |a Ma, Tong-sŏk,  |d 1971-  |e actor. 
700 1 |6 880-10  |a Kim, Su-an,  |d 2006-  |e actor. 
700 1 |6 880-11  |a Kim, Ŭi-sŏng,  |d 1965-  |e actor. 
700 1 |6 880-12  |a Ch'oe, U-sik,  |d 1990-  |e actor. 
700 1 |6 880-13  |a An, So-hŭi,  |d 1992-  |e actor. 
700 1 |6 880-14  |a Yi, Hyŏng-dŏk,  |e director of photography. 
700 1 |6 880-15  |a Chang, Yŏng-gyu,  |d 1968-  |e composer (expression) 
710 2 |a Well Go USA, Inc.,  |e publisher,  |e film distributor. 
730 0 2 |i Container of (work):  |a Pusan haeng. 
730 0 2 |i Container of (expression):  |a Pusan haeng.  |l English. 
880 0 0 |6 245-01  |a 부산행 /  |c 제공, 배급, NEW, Next Entertainment World ; 제작, (주)영화사 레드피터 ; 제작, 이동하 ; 감독, 연상호 ; 각본, 박주석 ; 각색, 연상호. 
880 1 |6 511-02  |a 공유, 정유미, 마동석, 김수안, 김의성, 최우식, 안소희. 
880 |6 508-03  |a Director of photography, 이형덕 ; editor, 양진모 ; music, 장영규. 
880 1 |6 700-04  |a 연 상호,  |e film director,  |e screenwriter. 
880 1 |6 700-05  |a 이 동하,  |d 1942-  |e author. 
880 1 |6 700-06  |a 박 주석,  |e screenwriter. 
880 1 |6 700-07  |a 공 유,  |d 1979-  |e actor. 
880 1 |6 700-08  |a 정 유미,  |d 1983-  |e actor. 
880 1 |6 700-09  |a 마 동석,  |d 1971-  |e actor. 
880 1 |6 700-10  |a 김 수안,  |d 2006-  |e actor. 
880 1 |6 700-11  |a 김 의성,  |d 1965-  |e actor. 
880 1 |6 700-12  |a 최 우식,  |d 1990-  |e actor. 
880 1 |6 700-13  |a 안 소희,  |d 1992-  |e actor. 
880 1 |6 700-14  |a 이 형덕,  |e director of photography. 
880 1 |6 700-15  |a 장 영규,  |d 1968-  |e composer (expression) 
948 |a cataloged  |b h  |c 2017/2/15  |d c  |e tchubaryan  |f 3:35:31 pm 
994 |a C0  |b TXA 
999 f f |s 19d30c7d-b649-3e8b-977d-3eb4319aa3d2  |i 8179a9c0-935f-323b-b686-26436488b7e8  |t 0 
952 f f |p dvd  |a Texas A&M University  |b College Station  |c Sterling C. Evans Library  |d Evans: Media and Reserves (Annex 1st floor)  |t 0  |e PN1995.9.Z63 P87 2017  |h Library of Congress classification  |i video -- videodisc  |m A14843685091 
998 f f |a PN1995.9.Z63 P87 2017  |t 0  |l Evans: Media and Reserves (Annex 1st floor)